[Event "Padova Weekend op-B 8th"]
[Site "Padova"]
[Date "2005.12.18"]
[Round "5.27"]
[White "Boni, Gianni"]
[Black "Andolfatto, Biagio"]
[Result "1/2-1/2"]
[WhiteElo "1640"]
[BlackElo "1675"]
[PlyCount "107"]
[EventDate "2005.12.10"]
[EventType "swiss"]
[EventRounds "6"]
[EventCountry "ITA"]
[SourceTitle "EXT 2024"]
[Source "ChessBase"]
[SourceDate "2023.10.10"]
[SourceVersion "1"]
[SourceVersionDate "2023.10.10"]
[SourceQuality "1"]

1. b3 e6 2. Bb2 Nf6 3. e3 Be7 4. Nf3 0-0 5. d3 d6 6. Nbd2 e5 7. Be2 Bd7 8. 0-0 Qc8 9. c4 b6 10. Qc2 Bf5 11. Rfc1 a5 12. a3 Na6 13. Bf1 c5 14. Bc3 Qc6 15. e4 Bd7 16. Qb2 Nc7 17. b4 Rfb8 18. b5 Qb7 19. a4 Ne6 20. g3 Qc8 21. Bg2 Nh5 22. Nf1 Ng5 23. Ne3 Bh3 24. Nd5 Bd8 25. Nxg5 Bxg5 26. Bd2 Bd8 27. Rf1 Bxg2 28. Kxg2 Ra7 29. Be3 Nf6 30. Nxf6+ Bxf6 31. Qe2 Qe6 32. Ra2 g6 33. f4 exf4 34. Bxf4 g5 35. Bc1 Be5 36. Qh5 f6 37. Raf2 Rg7 38. Bb2 Rg6 39. Qh3 Qxh3+ 40. Kxh3 Bxb2 41. Rxb2 Kg7 42. Kg2 Re8 43. Rf5 Re5 44. Rbf2 h5 45. h3 g4 46. h4 Rh6 47. Kf1 Kf7 48. Ke2 Ke6 49. Rxe5+ dxe5 50. Rf5 Rh8 51. Ke3 Kf7 52. Ke2 Kg6 53. Ke3 Rd8 54. Ke2 1/2-1/2

[Event "Padova Weekend op-B 8th"]
[Site "Padova"]
[Date "2005.12.11"]
[Round "2.36"]
[White "Andolfatto, Biagio"]
[Black "Bano, Paolo"]
[Result "1/2-1/2"]
[WhiteElo "1675"]
[BlackElo "1434"]
[PlyCount "135"]
[EventDate "2005.12.10"]
[EventType "swiss"]
[EventRounds "6"]
[EventCountry "ITA"]
[SourceTitle "EXT 2024"]
[Source "ChessBase"]
[SourceDate "2023.10.10"]
[SourceVersion "1"]
[SourceVersionDate "2023.10.10"]
[SourceQuality "1"]

1. d4 Nf6 2. c4 d6 3. Nc3 e5 4. dxe5 dxe5 5. Qxd8+ Kxd8 6. e4 Bb4 7. f3 Bxc3+ 8. bxc3 Nc6 9. Rb1 b6 10. Be3 Be6 11. a3 Nd7 12. Rd1 Ke7 13. Rb1 Rhd8 14. Be2 Na5 15. Rb4 Nb7 16. g4 Ndc5 17. Kf1 Nd3 18. Ra4 Nbc5 19. Bxc5+ Nxc5 20. Rb4 Rd2 21. Nh3 Rc2 22. Nf2 Rxc3 23. Nd1 Rxa3 24. Kf2 Nd3+ 25. Bxd3 Rxd3 26. Ne3 Rc3 27. Rd1 Rd8 28. Nd5+ Bxd5 29. exd5 Rc2+ 30. Kg3 c6 31. Ra1 cxd5 32. Rxa7+ Rd7 33. Rxd7+ Kxd7 34. cxd5 Kc7 35. d6+ Kxd6 36. Rxb6+ Rc6 37. Rb8 Ke6 38. h4 h6 39. Rg8 Kf6 40. Rh8 Kg6 41. Rg8 f6 42. Re8 Kf7 43. Rh8 Re6 44. Ra8 Kg6 45. Ra5 h5 46. gxh5+ Kxh5 47. f4 Kg6 48. fxe5 Rxe5 49. Ra6 Kh5 50. Ra4 g6 51. Ra8 Kh6 52. Kf4 Re7 53. h5 gxh5 54. Kf5 Kg7 55. Ra5 h4 56. Ra4 h3 57. Rg4+ Kf7 58. Rh4 Re5+ 59. Kf4 Ke6 60. Rxh3 Kf7 61. Rg3 Ke6 62. Rg8 Rf5+ 63. Ke4 Rf1 64. Re8+ Kf7 65. Ra8 f5+ 66. Ke5 Kg6 67. Rg8+ Kf7 68. Rg5 1/2-1/2

[Event "Pedavena op 1st"]
[Site "Pedavena"]
[Date "2005.08.04"]
[Round "3"]
[White "Andolfatto, Biagio"]
[Black "Brunelli, Giovanni"]
[Result "0-1"]
[WhiteElo "1684"]
[BlackElo "1938"]
[PlyCount "70"]
[EventDate "2005.08.03"]
[EventType "swiss"]
[EventRounds "6"]
[EventCountry "ITA"]
[SourceTitle "EXT 2007"]
[Source "ChessBase"]
[SourceDate "2006.11.23"]
[SourceVersion "1"]
[SourceVersionDate "2006.11.23"]
[SourceQuality "1"]

1. d4 Nf6 2. c4 e6 3. Nc3 d5 4. e3 Nbd7 5. Bd3 Be7 6. Nf3 0-0 7. 0-0 c5 8. a3 cxd4 9. exd4 dxc4 10. Bxc4 Nb6 11. Bb3 Nbd5 12. Ne5 Nxc3 13. bxc3 Qc7 14. Qf3 Nd5 15. Bd2 f6 16. Ng4 Kh8 17. c4 Nb6 18. Ba5 Qd7 19. Qd3 e5 20. Bc2 g6 21. Ne3 exd4 22. Bxb6 axb6 23. Nd5 Bc5 24. h3 b5 25. Rfe1 bxc4 26. Qxc4 b6 27. Nb4 Bb7 28. Re6 Bxb4 29. Rxb6 Bc3 30. Rab1 Bd5 31. Qc5 Rac8 32. Ba4 Rxc5 33. Bxd7 d3 34. Rb8 Rxb8 35. Rxb8+ Kg7 0-1